[Event "MK Cafe Cup-A"]
[Site "Koszalin"]
[Date "1999.08.11"]
[Round "8"]
[White "Burmakin, Vladimir"]
[Black "Kharitonov, Andrei Y"]
[Result "1-0"]
[WhiteElo "2579"]
[BlackElo "2559"]
[Annotator "Tsesarsky,I"]
[PlyCount "127"]
[EventDate "1999.08.03"]
[EventType "swiss"]
[EventRounds "9"]
[EventCountry "POL"]
[SourceTitle "CBM 073"]
[Source "ChessBase"]
[SourceDate "1999.12.01"]
[SourceVersion "1"]
[SourceVersionDate "1999.12.01"]
[SourceQuality "1"]

1. d4 Nf6 2. c4 e6 3. Nf3 d5 4. Nc3 Be7 5. Bg5 O-O 6. e3 h6 (6... c6 7. Rc1
Nbd7 8. Bd3 h6 9. Bh4 dxc4 10. Bxc4 c5 11. O-O a6 12. a4 Nb6 13. Ba2 cxd4 14.
exd4 Bd7 {This position will occur in this game after 13 moves.} 15. Ne5 Rc8
16. Bb1 Nbd5 17. Nxd5 Nxd5 18. Qd3 f5 19. Bxe7 Nxe7 20. Qb3 Kh7 21. Qxb7 $16 {
1-0 Etcheverry(UY)-Faruy Ali(IN)/ol Warna final C 1962 (39)}) 7. Bh4 Nbd7 8.
Rc1 dxc4 (8... c6 9. Bd3 dxc4 10. Bxc4 a6 11. a4 c5 12. O-O cxd4 13. exd4 Nb6
14. Bb3 (14. Ba2 Nbd5 15. Ne5 Nb4 16. Bb1 Bd7 17. Qb3 a5 18. Rfe1 $14 {1/2-1/2
Bronshtejn-Ubilava/Minsk 1983 (39)}) 14... Bd7 {The oly difference - Bb3
instead of Ba2.} (14... Nbd5 15. Ne5 Nb4 16. Re1 Bd7 17. Qe2 Be8 18. Rcd1 $14 {
1-0 Nenashev,A-Ubilava,E/Barnaul 1984 (70)}) 15. Qd3 (15. Ne5 Rc8 16. Qf3 Bc6
17. Nxc6 Rxc6 18. Rfd1 Qc7 19. Bg3 Qc8 20. Be5 $14 {1/2-1/2 Muhvic,D-Ascic,P/
Porec CRO 1998 (42)}) (15. a5 Nbd5 16. Bxd5 Nxd5 17. Nxd5 exd5 18. Bxe7 Qxe7
19. Qb3 Bb5 20. Rfe1 Qd8 21. Qb4 $14 {1/2-1/2 Babula,V-Ioseliani,N/CZE 1999 
(39)}) 15... Bc6 16. Bc2 (16. Ne5 Nbd5 17. Bxf6 Nxf6 18. Bc2 Qa5 19. Rfe1 Rfd8
20. Nxc6 (20. Re3 Qb4 21. Rd1 Bc5 22. Nxf7 Rxd4 23. Qg6 (23. Nxh6+ Kf8 24. Qg6
Rxd1+ 25. Bxd1 Be8 $17) 23... Rxd1+ 24. Bxd1 Bxe3 $19 {0-1 Kishnev,S-Ubilava,E/
Barnaul URS sf 1984 (29)}) 20... bxc6 21. Ne4 $11) 16... Nbd7 17. Rfe1 Re8 18.
Ne5 (18. Rcd1 Nf8 19. Ne5 Nd5 20. Bxe7 Qxe7 21. Bb3 Nb4 22. Qe3 $11 {1/2-1/2
Gorelov,S-Basin,L/Minsk URS sf(6) 1985 (26)}) 18... Nf8 19. Bb1 Bd5 20. Qg3
N6h7 21. Bxe7 Rxe7 22. Ng4 Kh8 23. Nxd5 Qxd5 24. Ne3 Qd8 (24... Qxd4 25. Nf5
$16) 25. d5 exd5 26. Red1 Rd7 27. Ba2 Nf6 28. Qf3 d4 $15) 9. Bxc4 a6 10. a4 c5
11. O-O cxd4 12. exd4 (12. Nxd4 Ne5 13. Be2 Ng6 14. Bg3 Qb6 15. Qb3 Qa5 16. Qc2
Bd7 17. Rfd1 Rac8 $11 {1/2-1/2 Epishin,V-Goldin,A/Vilnius 1988 (41)}) 12... Nb6
13. Ba2 (13. Bb3 Bd7 (13... Nbd5 14. Ne5 Nb4 (14... Qa5 15. Qf3 Qb6 16. Bxd5
exd5 17. Bxf6 Bxf6 18. Nxd5 Qxd4 19. Nxf6+ gxf6 20. Qxf6 Be6 21. Qxh6 Qxe5 22.
Rc3 Bg4 23. Rg3 f5 24. Qg6+ Qg7 25. Qxg7+ Kxg7 26. f3 Rac8 27. fxg4 f4 28. Rgf3
{1-0 San Segundo,P-Zutter,F/Aviles 1992 (28)}) 15. Qd2 a5 16. Rfe1 b6 17. Nb5
Ne4 18. Qf4 Bxh4 19. Qxe4 Rb8 20. g3 Bf6 21. Nxf7 Rxf7 22. Rxc8 Qxc8 23. Nd6
Qc7 $2 (23... Qc6 24. Qxc6 (24. Qxe6 Rbf8 25. Nxf7 Qxe6 26. Bxe6 Rxf7 27. Re4
$14) 24... Nxc6 25. Bxe6 Rbf8 26. Nxf7 Rxf7 27. d5 Nd4 28. Bxf7+ Kxf7 29. Kg2
$16) 24. Nxf7 $18 {1-0 Dreev,A-Epishin,V/Tilburg 1994 (27)}) 14. a5 $1 (14. Ne5
Bc6 15. Nxc6 bxc6 16. Ne2 Qd7 17. Qd3 Nbd5 18. Bc4 a5 19. b3 Rfd8 $11 {1/2-1/2
Tukmakov,V-Dokhoian,Y/URS-FL Sverdlovsk 1987 (38)}) (14. Re1 Bc6 15. Ne5 Nbd5
16. Nxd5 Bxd5 17. Bc2 Rc8 18. Qd3 Re8 19. a5 (19. Bxf6 Bxf6 20. Qh7+ Kf8 $132)
19... Bc6 20. Nxc6 bxc6 21. Ra1 Ra8 $14 {1/2-1/2 Chekhov,V-Ubilava,E/Kharkov
URS sf 1985 (42)}) 14... Nbd5 15. Bxd5 Nxd5 16. Nxd5 exd5 17. Bxe7 Qxe7 18. Qb3
$14 {1-0 Manor,I-Gofshtein,L/Tel Aviv ASA(7) 1991 (35)}) 13... Bd7 $5 $14 (
13... Nbd5 $142 14. Nxd5 (14. Bxd5 exd5 15. Re1 Bg4 16. h3 Bxf3 17. Qxf3 Re8
18. Bxf6 Bxf6 19. Nxd5 Rxe1+ 20. Rxe1 Bxd4 21. b4 Qd6 22. Re7 f5 23. Rxb7 Re8
24. g3 Re2 $1 25. Qxe2 Qxg3+ 26. Kf1 Qxh3+ 27. Ke1 Qh1+ 28. Kd2 Qxd5 $132)
14... Nxd5 15. Bxe7 Qxe7 16. Bxd5 exd5 17. Qb3 Be6 18. Rc5 $14 {1-0 Rodriguez,
O-Ardiansyah,H/Dubai olm 1986 (47)} (18. Rfe1 $14)) 14. Ne5 (14. Bb1 Bc6 15.
Qd3 Re8 16. Ne5 Nbd5 17. Nxd5 Bxd5 18. Bxf6 Bxf6 19. Ng4 Kf8 20. Nxf6 Qxf6 21.
Qh7 Ke7 22. Qd3 Rec8 $15 {1/2-1/2 Shneider,A-Levin,F/UKR-ch Kiev ,EXT 1986 (41)
}) (14. a5 Nc8 (14... Nbd5 15. Bxd5 $14 {as in the game Manor-Gofshtein}) 15.
Ne5 Na7 16. Bb1 (16. d5 $1 exd5 (16... Nxd5 17. Bxd5 exd5 18. Nxd7 Qxd7 19.
Nxd5 $1 $18 {[%csl Ra8,Rd7][%cal Gd5f6,Gd5b6]}) 17. Nxd7 Qxd7 18. Bxf6 Bxf6 19.
Nxd5 Qd8 20. Nb6 Qxd1 21. Rfxd1 Rad8 22. Nd7 Rfe8 23. Nxf6+ gxf6 24. Bd5 Nc6
25. Bxc6 bxc6 26. Rxd8 Rxd8 27. Kf1 $16) 16... Be8 17. Qd3 g6 18. Rfe1 Rc8 19.
Qe3 Nc6 20. Qxh6 $16 {1-0 Loginov,V-Feoktistov,A/Petrov mem, St Petersburg RUS
1998 (60)}) 14... Be8 (14... Bc6 15. Qd3 (15. Bb1 Nbd5 16. Re1 Nb4 17. Qd2 a5
18. Re3 Rc8 19. Rg3 Kh8 20. Re1 Be8 21. Rh3 Ng8 22. Bxe7 Qxe7 $11 {0-1
Petursson,M-Kortchnoi,V/Reykjavik World Cup 1988 (46)}) 15... Nbd5 16. Bb1 Nb4
17. Qd2 Nfd5 18. Bg3 Rc8 19. f4 f5 20. Rfe1 Qd6 $11 (20... Bf6 $2 21. Nxd5 Nxd5
(21... Qxd5 22. Rc5 $18 {1-0 Sokolov,I-Bass/Sevilla Op 1987 (24)}) 22. Nxc6
Rxc6 23. Rxc6 bxc6 24. Rxe6 $16)) 15. Bb1 g6 16. Re1 (16. a5 Nbd5 17. Nxd5 Nxd5
18. Bxe7 Qxe7 19. Qd2 Kg7 20. Rfe1 Rd8 21. Be4 Bb5 22. Rc5 $14) 16... Nfd5 $5 (
16... Rc8 $14) 17. Bxe7 Nxe7 18. Be4 (18. a5 Nd7 $1 (18... Nbd5 $2 $16 19. Qd2
(19. Nxd5 Nxd5 20. Rc5 Bb5 21. Qd2 (21. Be4 {[%cal Ge4d5]} Qxa5 22. Bxd5 exd5
23. Rxd5 Rad8 $15) 21... Kg7 22. Be4 Rc8 23. Rxc8 Qxc8 24. Ng4 (24. Bxd5 exd5
25. Rc1 Qd8 26. h3 Re8 27. Qf4 $14) 24... g5 25. h4 Qd8 26. hxg5 hxg5 27. Bxd5
exd5 28. Ne3 $16) 19... Qxa5 20. Qxh6 Rc8 21. Ng4 $16) 19. Nc4 (19. Ng4 h5 (
19... f5 20. Nxh6+ $1 Kg7 21. Qd2 Rh8 22. Rxe6 Rxh6 23. Rce1 $18) 20. Ne5 Qxa5
$15) 19... b5 20. axb6 Nxb6 21. Nxb6 Qxb6 22. Qd2 Kg7 $11) 18... Rb8 19. b3 Nd7
20. Qf3 Nxe5 $2 $16 (20... Nc6 $1 {[%cal Gb8b3,Gb7c6]} 21. Bxc6 (21. Nxc6 bxc6
22. Bxc6 Rxb3 23. d5 Nc5 (23... exd5 24. Qxd5 $18) 24. Red1 Qg5 (24... Bxc6 25.
dxc6 Qc7 26. Nd5 exd5 (26... Rxf3 27. Nxc7 Rd3 28. Rxd3 Nxd3 29. Rc3 Rb8 30. g3
Nb4 31. Rc4 Rc8 (31... a5 32. Nb5 $16) (31... Kf8 32. Nxe6+ fxe6 33. c7 Rc8 34.
Rxb4 Rxc7 35. Rb6 $16) 32. Rxb4 (32. a5 Rxc7 33. Rxb4 Rxc6 $11) 32... Rxc7 33.
a5 Rxc6 34. Rb6 Rc2 35. Rxa6 Ra2 $11) 27. Qxd5 Re8 28. Qxc5 $16) 25. d6 Bxc6
26. Qxc6 Nd3 27. Rc2 Nf4 28. g3 $16 (28. d7 Rd8 29. g3 $16)) 21... Nxe5 $1 22.
dxe5 Bxc6 23. Qf4 Qg5 24. Qxg5 hxg5 25. Red1 Rfd8 $11) 21. dxe5 Nc6 22. Qe3
Nxe5 (22... Qg5 23. f4 Qe7 24. Bc2 {[%cal Gc3e4]} f6 25. exf6 Qxf6 26. Qxe6+
Qxe6 27. Rxe6 Rxf4 28. Bxg6 $16) 23. Qxh6 Qf6 24. Qe3 Bc6 25. Bxc6 Nxc6 26. Ne4
Qd4 $6 (26... Qe7 27. Qh6 $18 {[%cal Ge4g5]}) (26... Qg7 $142 27. Nc5 Rfd8 (
27... Rfc8 28. Nd7 Ra8 29. Nb6 $18) 28. Nxb7 Rxb7 29. Rxc6 Qb2 30. Rxa6 Rxb3
31. Qe4 $16 {With the certain chances of a drawn game.}) 27. Qxd4 Nxd4 28. Nf6+
Kg7 29. Nd7 Rbc8 $8 30. Rcd1 $1 {Maybe this move was missed by Black?} (30.
Nxf8 $2 Ne2+ 31. Kf1 Nxc1 32. Nd7 Nxb3 $17) 30... Nc2 $5 (30... Nxb3 31. Nxf8
Kxf8 32. Rb1 Rc3 33. Re3 Rxe3 34. fxe3 Nc5 35. a5 $16) 31. Nxf8 Nxe1 32. Nxe6+
$1 fxe6 33. Rxe1 Kf6 34. h4 e5 (34... Rc3 35. Re3 $16) 35. Re4 b5 $2 $18 (35...
a5 36. f3 b5 37. axb5 Rb8 38. Re3 Rxb5 $16 {[%cal Gb5b4,Ga5a4] With idea to
change Queen side pawns.}) 36. axb5 axb5 37. Kh2 Rc5 38. f3 Rd5 39. Kh3 Kf5 40.
g4+ Kf6 41. Kg2 Rd2+ 42. Kg3 Rd3 43. Rb4 Rd5 44. Kf2 Rc5 45. Ke3 g5 (45... Rc3+
46. Ke4 Rc5 47. f4 exf4 (47... Ke6 48. fxe5 Rxe5+ 49. Kf4 Rd5 50. g5 Kd6 51.
Kg4 Ke5 52. h5 gxh5+ 53. Kxh5 $18 Kf5 54. g6 Kf6+ 55. Kh6 Rf5 56. g7 Rf1 57.
g8=N+ Kf7 58. Kh7 $18) 48. Kxf4 g5+ (48... Rd5 49. g5+ Ke6 50. Kg4 Kf7 51. h5
gxh5+ 52. Kxh5 Kg7 53. Re4 Rd3 54. b4 (54. Re7+ Kf8 55. Rb7 Rxb3 56. Kg6 b4 $11
) 54... Rh3+ 55. Kg4 Rb3 56. Kf5 Rb1 57. Ke6 Kg6 58. Kd6 Kxg5 59. Kc6 Kf5 60.
Rh4 $18) 49. hxg5+ Rxg5 50. Rd4 Rc5 51. Rd6+ Ke7 52. Rb6 Kf7 53. g5 Kg7 (53...
Rd5 54. Kg4) 54. Kg4 $18 {[%cal Gg4h5,Gb6b7]}) 46. h5 Ke6 47. Ke4 Kf6 48. Kd3
Rd5+ 49. Ke2 Rc5 50. Re4 Rc2+ 51. Kd3 Rf2 (51... Rc5 52. Re2 Rd5+ 53. Ke3 Rc5
54. Rd2 Ke6 (54... Rc3+ 55. Rd3 Rc1 56. Rd6+ Kf7 57. Rg6 $18) 55. h6 Rc7 56.
Rh2 $18) 52. Re3 Ke6 53. Ke4 b4 54. Re1 Rh2 55. Ra1 Re2+ 56. Kd3 Rf2 57. Ra6+
Kd5 58. Ra5+ Ke6 59. Ke3 Rb2 60. Rb5 Rxb3+ 61. Ke4 Kf6 62. Rxe5 Rxf3 63. Kxf3
Kxe5 64. Ke3 1-0

[Event "Capablanca Memorial Elite 35th"]
[Site "Varadero"]
[Date "2000.05.14"]
[Round "7"]
[White "Lesiege, Alexandre"]
[Black "Bruzon Batista, Lazaro"]
[Result "1-0"]
[WhiteElo "2582"]
[BlackElo "2568"]
[Annotator "Tsesarsky,I"]
[PlyCount "69"]
[EventDate "2000.05.07"]
[EventType "tourn"]
[EventRounds "13"]
[EventCountry "CUB"]
[EventCategory "13"]
[SourceTitle "CBM 077"]
[Source "ChessBase"]
[SourceDate "2000.07.27"]
[SourceVersion "1"]
[SourceVersionDate "2000.07.27"]
[SourceQuality "1"]

1. d4 d5 2. c4 e6 3. Nc3 Nf6 4. Bg5 Be7 5. e3 O-O 6. Nf3 Nbd7 7. Rc1 a6 8. c5
c6 9. b4 (9. Bd3 {-mainline}) 9... a5 $6 $14 {Not best reaction.} (9... Ne4 $6
10. Bf4 g5 11. Bg3 Nxg3 12. hxg3 f5 13. g4 fxg4 14. Ne5 (14. Nd2 Nf6 15. Bd3
Rf7 16. Qe2 $44) 14... Nxe5 15. dxe5 Qc7 16. Qd4 Rf5 17. Bd3 Qxe5 18. Qxe5 Rxe5
19. Rxh7 Bf6 20. Kd2 $16 {1-0 Alekhine,A-Bogoljubov,E/Hastings Internation
1922/ (52)}) ({Right is} 9... Nh5 $1 {[%mdl 4] This strong and old move
promise to Black good position:} 10. Bxe7 Qxe7 {[%cal Ge6e5]} 11. Be2 (11. Bd3
Nhf6 12. O-O e5 13. dxe5 (13. e4 exd4 14. Nxd4 Nxe4 15. Re1 Ndf6 16. f3 Nxc3
17. Rxe7 Nxd1 18. Rxd1 Bd7 $15) 13... Nxe5 14. Nd4 Re8 $11 {1/2-1/2 Tunik,
G-Kharitonov,A/Voskresensk 1993/ (28)}) 11... Nhf6 12. O-O e5 {Now e5-e4 is
not dangerous (Be2 instead os d3)} 13. a4 Ne4 14. dxe5 Nxe5 15. Qd4 Nxf3+ 16.
Bxf3 Ng5 $132 {1-0 Rabinovich,I-Bogoljubow,E/Baden-Baden 1925/(29)}) (9... b6
$6 {Wrong plan - to play in the side where Opponent is stronger...} 10. a3 a5
11. Ra1 Ba6 12. Bxa6 Rxa6 13. O-O b5 14. Qb1 Nh5 15. Bxe7 Qxe7 16. a4 axb4 17.
Qxb4 Rfa8 18. Ra2 e5 19. axb5 Rxa2 20. Nxa2 Rxa2 21. bxc6 Nf8 22. Qb8 Ra7 23.
Nxe5 $16 {1-0 Tolush,A-Rauzer/URS ch 1935/ (42)}) (9... Re8 $6 10. Bd3 Nf8 (
10... e5 $2 11. dxe5 Ng4 12. Bf4 f6 $16 {1/2-1/2 Ghitescu,T-Robatsch,K/
Beverwijk 1967/ (19)}) (10... b6 $6 11. O-O bxc5 12. bxc5 e5 13. dxe5 Ng4 14.
Bf4 Nxc5 15. h3 Nxd3 16. Qxd3 Nh6 17. Bxh6 gxh6 18. e4 $16 {1-0 Shuklin,
V-Grigoriants,S/Moscow-ch ,EXP 1996/ (27)}) 11. O-O N6d7 12. Bf4 f5 13. Ne5 Bf6
14. Bg3 Nxe5 15. dxe5 Bh4 16. Bxh4 Qxh4 17. f4 $14 {1/2-1/2 Chekhover,
V-Goglidze,V/Leningrad RUS 1936/ (32)}) 10. b5 $1 {better than} (10. a3 axb4 (
10... b6 11. Bf4 axb4 12. axb4 bxc5 13. bxc5 Ra3 14. Qd2 Qa5 15. Nb1 (15. Be2
Nxc5 16. dxc5 Bxc5 17. Ne5 $19 {Janakiev,I-Ziatdinov,R/Sofija 1987/Inf 44/(17)}
(17. Ne5 Rxc3 18. Rxc3 Bb4)) 15... Ne4 16. Qxa5 Rxa5 17. Bd3 $11) (10... b5 11.
Bd3 g6 12. O-O Re8 13. Qe2 Kg7 14. Nxb5 axb4 15. axb4 cxb5 16. Bxb5 $14 {
1-0 Elsness,F-Egeli,P/NOR-ch ,EXT 1995/ (41)}) 11. axb4 b6 12. Bd3 bxc5 13.
bxc5 Ba6 (13... e5 $2 14. Bxf6 $1 Bxf6 15. dxe5 Nxe5 (15... Be7 16. O-O Nxc5
17. Nd4 Qe8 18. Bb1 f6 19. Nxc6 $16 {1-0 Panczyk,K-Begovac,F/Graz W-3chJr 1981/
(42)}) 16. Nxe5 Bxe5 17. Bxh7+ Kxh7 18. Qh5+ Kg8 19. Qxe5 $14 {1-0 Riester,
G-Huxdorff,E/cr WER/1 1928/ (25)}) 14. O-O Bxd3 15. Qxd3 Qa5 $11) 10... e5 {
This is idea of 9...a5. Now Pc5 is not defended by Pb4.} (10... cxb5 11. Bxb5
$14) 11. bxc6 $1 (11. Nd2 $6 Re8 12. Be2 Nf8 13. Qa4 (13. dxe5 N6d7 14. Bxe7
Qxe7 $132 {[%csl Rc5,Re5]}) 13... exd4 14. exd4 Ne6 15. Be3 Bxc5 $1 (15... Bd7
$6 16. b6 $14) 16. bxc6 (16. dxc5 d4 $17) 16... bxc6 17. dxc5 d4 18. Qxc6 Bd7 (
18... dxe3 19. fxe3 Bd7 $44) 19. Qd6 dxe3 20. fxe3 Rc8 $44 {0-1 Halliman,
F-Purdy,C/1st Australia cr C 1937/ (38)}) 11... bxc6 {[%csl Ra5,Rc6]} 12. Qa4 (
{Interesting and well also} 12. dxe5 Ne8 (12... Ng4 13. Bf4 Bxc5 (13... Nxc5
14. h3 Nh6 15. Bxh6 gxh6 16. Bd3 {-like in the game Shuklin,V-Grigoriants,S})
14. h3 Nh6 15. Bxh6 gxh6 16. Bd3 $14) 13. Bxe7 Qxe7 14. Na4 {[%csl Rb6,Yc5]
[%cal Gb1b8] We can see the differenca between this position and position in
the game Tunik,G-Kharitonov,A} Nc7 15. Be2 Nxe5 16. O-O Nxf3+ 17. Bxf3 Bf5 18.
Nb6 Ra7 19. Qa4 $14 {0-1 Gothilf,S-Ragozin/Leningrad Trade Unions 1938/ (49)})
12... exd4 13. exd4 Ne4 $6 (13... Qc7 $5 $14) 14. Be3 $6 $14 ({Strong was} 14.
Bf4 $1 {[%csl Rc7][%cal Gf4c7]} Nxc3 15. Rxc3 Bb7 16. Bd3 Re8 17. O-O $16 {
[%csl Rb7,Rc6]}) (14. Nxe4 dxe4 15. Bxe7 Qxe7 $15) 14... Qc7 (14... Nxc3 15.
Rxc3 Qc7 16. Rb3 {more precisely than} (16. Bd3 $6 Ba6 17. Bxa6 Rxa6 18. O-O
Rb8 $1 19. Rb3 Rxb3 20. Qxb3 (20. axb3 Nf6 21. Ra1 Ne4 22. b4 Nc3 23. Qc2 (23.
Qa3 Nb5 24. Qa4 Nc3) 23... Ne4 24. Bd2 Nxd2 25. Nxd2 Bf6 26. Nf3 g6 27. h4 $11)
20... Ra8 21. Rb1 Rb8 22. Qd3 Rxb1+ 23. Qxb1 Nf6 $11) 16... Re8 17. Be2 Ba6 18.
Bxa6 Rxa6 19. O-O $14) 15. Nxe4 dxe4 16. Nd2 f5 17. g3 g5 (17... Nf6 18. Bf4
Qd7 19. Nc4 Qxd4 20. Be3 Qd8 21. Ne5 $14 {[%csl Rc6][%cal Gf1c4]}) (17... f4 $2
18. Bxf4 Rxf4 19. gxf4 Qxf4 20. Qxc6 e3 21. Qe6+ $18) 18. Bc4+ Kg7 19. d5 $1 {
[%csl Rg7] Black weakenened K, so to open the game is logical decision. In
other side, f4-f5 was real threat.} cxd5 20. Bxd5 Nb6 (20... Rb8 21. h4 $1 $14)
21. Qc6 Nxd5 22. Qxd5 (22. Qxa8 $4 Bb7 23. Qa7 Ra8 $19) 22... Ra6 (22... Bb7
23. c6 Rad8 24. Qb3 Rc8 25. Bd4+ Bf6 26. Bxf6+ Rxf6 27. Qxb7 Qxb7 (27... Rxc6
28. Qb2+ Kg8 29. Rxc6 Qxc6 30. O-O $18) 28. cxb7 Rxc1+ 29. Ke2 Rxh1 30. b8=Q
$18) 23. c6 {[%csl Yc6,Rc8]} Bf6 (23... Rd8 24. Bd4+ Kg6 25. Qc4 Bb4 26. Be3 h6
27. h4 $14) 24. h4 Rd8 (24... g4 25. Bf4 $14) 25. Qb5 gxh4 $2 {Not necessary
file g opening!} ({Better was} 25... g4 26. Bf4 Qf7 27. O-O (27. Be5 {[%csl
Rg7]} Qe6 (27... Rxd2 28. Bxf6+ Qxf6 29. Kxd2 Qd4+ 30. Ke1 Qb4+ 31. Qxb4 axb4
32. Kd2 $16) 28. Bxf6+ Qxf6 29. Nb1 (29. Nb3 a4 30. Na5 Qd4 31. O-O Rb6 (31...
Rd5 32. Qb8 Raxa5 33. Qxc8 $18) 32. Qc5 Qxc5 33. Rxc5 Rb2 $15) (29. h5 Rd6 30.
c7 Rac6 $15) 29... Rd3 30. O-O Qd6 {[%csl Rg3][%cal Gd3g3]} 31. Kh2 Qc7 32. Rc5
Rd6 33. Rfc1 $14) 27... Qxa2 28. Nc4 a4 29. Nd6 Qb3 30. Nxf5+ Kh8 31. Qc5 $14)
26. Bf4 Qf7 27. gxh4 {[%csl Rg7][%cal Gh1g1]} Ra8 $6 $18 ({The besr chance was
} 27... Qxa2 $5 28. Nc4 $16) 28. Rg1+ Kh8 $8 29. c7 $1 (29. Be5 Rg8 30. Bxf6+
Qxf6 31. Rxg8+ Kxg8 32. c7 Ra6 33. Nb3 $16 {[%csl Gc7,Rg8]} (33. Qe8+ Qf8 34.
Qxf8+ Kxf8 $132)) 29... Rf8 30. Nc4 $1 (30. Be5 Ra6 31. Nb3 $16) 30... Be6 (
30... Rg8 31. Rxg8+ Qxg8 32. Nb6 Qg1+ 33. Qf1 Qxf1+ 34. Kxf1 Ba6+ 35. Ke1 $18)
31. Nd6 Qh5 (31... Qe7 32. Be5 $18) 32. Be5 ({Immediately win} 32. Qe5 $1 $18 {
[%csl Re6][%cal Gd6e4]}) 32... Qxh4 (32... Qh6 33. Rg5 $18) 33. c8=Q Raxc8 34.
Rxc8 Rxc8 35. Nxc8 1-0

[Event "ARG-ch 72nd"]
[Site "Pinamar"]
[Date "2002.03.15"]
[Round "7"]
[White "Sorin, Ariel"]
[Black "Spangenberg, Hugo"]
[Result "1/2-1/2"]
[WhiteElo "2512"]
[BlackElo "2508"]
[Annotator "Tsesarsky,I"]
[PlyCount "124"]
[EventDate "2002.03.11"]
[EventType "tourn"]
[EventRounds "13"]
[EventCountry "ARG"]
[EventCategory "9"]
[SourceTitle "CBM 088"]
[Source "ChessBase"]
[SourceDate "2002.03.21"]
[SourceVersion "1"]
[SourceVersionDate "2002.03.21"]
[SourceQuality "1"]

1. d4 d5 2. c4 e6 3. Nc3 Nf6 4. Bg5 Nbd7 5. e3 Be7 6. Rc1 O-O 7. Nf3 dxc4 8.
Bxc4 a6 9. e4 b5 10. Bd3 Bb7 11. e5 Nd5 12. Ne4 Bxg5 13. Nexg5 h6 14. Ne4 Nb4
$1 {This move allows Black at least to equalize.} ({Not badly is also} 14...
Nf4 15. O-O f5 {-see detailed commented game 1-0 Gunawan,R-Hoffman,A/Istanbul
2000/EXT 2001[Tsesarsky,I] (40)}) 15. Bb1 Nxa2 16. Qc2 Nb4 $1 (16... Nxc1 17.
Nc5 f5 (17... g6 18. Nxb7 Qc8 19. Nc5 Nxc5 20. dxc5 $18 {[%csl Rc1]}) 18. Nxb7
Qc8 19. Nc5 Nxc5 20. dxc5 $16 {[%csl Rc1]}) 17. Qxc7 Rc8 18. Qxd8 Rfxd8 ({
Worth of attention also} 18... Rxc1+ 19. Ke2 Rc2+ $5 (19... Rxd8 20. Rxc1 Nb6
21. Nd6 Bd5 22. Rc7 f5 23. Nh4 (23. g4 fxg4 24. Nd2 Bg2 $1 $15) 23... Nc4 24.
Ng6 Nxd6 (24... Kh7 25. Nf7 Ra8 26. Nf4 Nxb2 27. g4 $14 {[%csl Rf5,Rh7][%cal
Gb1h7]}) 25. exd6 Rxd6 26. Rc8+ Kh7 (26... Kf7 27. Ne5+ Ke7 28. Rc7+ Kf8 29.
Rc8+ $11) 27. Nf8+ Kg8 28. Ng6+ $11) 20. Bxc2 Rxd8 21. Bb1 Nb6 22. Nd6 (22. Rc1
Nc4 23. b3 Na5 $17 {[%csl Rb3,Rd4][%cal Gb7f3]}) 22... Bxf3+ 23. Kxf3 Nc4 24.
Nxc4 bxc4 25. Ke4 Nc6 26. Rd1 Rd5 (26... Rb8 27. Ba2 Rxb2 28. Bxc4 Rxf2 29. d5
exd5+ 30. Kxd5 Ne7+ 31. Ke4 Rxg2 32. Rd8+ Kh7 33. Re8 $44) 27. f4 Rb5 28. Ba2
Na5 29. Rd2 $11) 19. Ke2 Bxe4 $5 {Interesting decision! White B is not so
strong...} 20. Bxe4 Nb6 21. Bb7 (21. Rxc8 Rxc8 22. Ra1 f5 $11) 21... Rxc1 22.
Rxc1 Nc4 23. Be4 Kf8 (23... Nxb2 $4 24. Rb1 $18) 24. b3 Nb6 (24... Na5 25. Ke3
f5 26. exf6 gxf6 27. g4 $11) 25. Ke3 (25. Rc7 Rd7 26. Rxd7 Nxd7 27. Ne1 a5 28.
Kd2 $11) (25. Kd2 Rc8 26. Rxc8+ Nxc8 27. Ne1 $11) 25... Rc8 {Position is equal,
but only Black can try to improve his pieces locations and try to win...} (
25... N6d5+ 26. Kd2 $11) 26. Rc5 ({Can be recommended} 26. Rxc8+ Nxc8 27. Ne1
Ke7 28. Kd2 Nb6 29. Nd3 Nxd3 (29... N4d5 30. Nc5 $11) 30. Kxd3 $11) 26... Ke7
27. Ne1 Kd8 28. g3 Rc7 29. f4 g6 30. Bg2 (30. Nc2 Nxc2+ 31. Bxc2 Nd5+ 32. Kd2
Kd7 33. Rxc7+ Kxc7 34. Be4 $11) 30... Kd7 31. Nd3 $2 $17 {Mistake! White loses
patience...} ({It was necessary to play} 31. Kd2 N6d5 32. Bxd5 Rxc5 33. dxc5 (
33. Bxe6+ fxe6 34. dxc5 Kc6 35. Nf3 Kxc5 $132) 33... exd5 34. Kc3 a5 35. Nd3
Nc6 $132) 31... Nc2+ $1 32. Ke4 Nd5 {[%csl Rd4,Re4][%cal Gd5c3]} 33. Rxc7+ $8
Kxc7 34. Nc5 Kb6 $1 {Black K walkes to b4!} (34... a5 $2 35. Bf3 $11) 35. Bf1 (
35. Bf3 Ka5 36. Kd3 Ne1+ 37. Ke2 Nxf3 38. Kxf3 Kb4 $17) 35... Ka5 36. Kd3 Ncb4+
$2 $132 {Black drops his advantage...} ({Right was} 36... Nce3 37. Be2 Kb4 38.
Bf3 a5 39. Bxd5 Nxd5 40. Kc2 a4 41. bxa4 bxa4 42. Kb2 Kc4 $17) 37. Kd2 Nc6 38.
Kd3 Kb6 39. Ke4 Ka5 40. Kd3 Kb4 41. Bg2 a5 42. Bxd5 exd5 43. g4 a4 44. bxa4
bxa4 45. Na6+ Ka5 46. Nc7 Kb4 47. Na6+ Ka5 48. Nc7 a3 49. Kc3 Nxd4 50. Nxd5 Nf3
51. Kb3 Kb5 (51... Nxh2 52. Nf6 $11) 52. e6 Nd4+ 53. Kxa3 Nxe6 54. f5 gxf5 55.
gxf5 Nd4 56. Ne3 Kc5 57. Kb2 Nf3 58. Kc3 Nxh2 59. Kd3 Nf3 60. Ke4 Ng5+ 61. Ke5
Nh7 62. f6 Nxf6 1/2-1/2